Vatican Library Review, The .

محفوظ في:

التنسيق: دورية

اللغة: Undetermined

الموضوعات:

الوصول للمادة أونلاين: Login to view Source

الوسوم: إضافة وسم

لا توجد وسوم, كن أول من يضع وسما على هذه التسجيلة!

رقم الطلب:

LEADER 00525nms a2200181Ia 4500
005 20240402061445.0
008 240131s9999||||xx |||||||||||||||||und||
999 |c 56580  |d 56580 
022 |a 2772-8633 
022 |a 2772-8641 
245 0 0 |a Vatican Library Review, The . 
336 |2 rdacontent  |a text  |b txt 
337 |2 rdamedia  |a unmediated  |b n 
338 |2 rdacarrier  |a volume  |b n 
500 |a BRILLBRILLJ 
650 4 |a Islamic and Arabic philosophy. 
856 |z VLR  |u https://brill.com/view/journals/vlr/vlr-overview.xml 
942 |2 lcc  |c EJL